[Event "8th EUR-ch"]
[Site "Dresden GER"]
[Date "2007.04.12"]
[Round "9.108"]
[White "Ziska, Helgi Dam"]
[Black "Petrik, Tomas"]
[Result "1/2-1/2"]
[WhiteElo "2389"]
[BlackElo "2522"]
[EventDate "2007.04.03"]
[PlyCount "96"]

1.e4 e6 2.d3 d5 3.Nd2 c5 4.Ngf3 Nc6 5.g3 g6 6.Bg2 Bg7 7.O-O Nge7 8.Re1 b6 
9.exd5 Nxd5 10.d4 cxd4 11.Nb3 O-O 12.Nbxd4 Nxd4 13.Nxd4 Ba6 14.c3 Qd7 15.
Qg4 Rac8 16.Qh4 Ne7 17.Bg5 Bxd4 18.Bxe7 Rfe8 19.Bg5 Bg7 20.Qb4 Bf8 21.Qb3 
Bc4 22.Qc2 Qb5 23.Be3 Red8 24.Bf1 h5 25.Bxc4 Qxc4 26.Bg5 Rd5 27.h4 Bc5 28.
Re4 Qd3 29.Qxd3 Rxd3 30.Kf1 Rc7 31.Ke2 Rcd7 32.b4 Bf8 33.Rc4 Kh7 34.Be3 
R3d5 35.Rc1 Bh6 36.Bxh6 Kxh6 37.Rc2 Kg7 38.Rc8 b5 39.c4 bxc4 40.R8xc4 a5 
41.a3 axb4 42.axb4 Re5+ 43.Kf3 Rd3+ 44.Kg2 Rb5 45.Rb2 Kf6 46.Kf1 Ke5 47.
Rc7 Kf6 48.Rc4 Ke5 1/2-1/2

[Event "8th EUR-ch"]
[Site "Dresden GER"]
[Date "2007.04.12"]
[Round "9.109"]
[White "Estremera Panos, Sergio"]
[Black "Romanov, Evgeny"]
[Result "0-1"]
[WhiteElo "2386"]
[BlackElo "2520"]
[EventDate "2007.04.03"]
[PlyCount "180"]

1.d4 Nf6 2.c4 e6 3.Nc3 Bb4 4.e3 O-O 5.Bd3 d5 6.Nf3 b6 7.O-O Bb7 8.cxd5 
exd5 9.Ne5 Bd6 10.f4 c5 11.Qf3 Nc6 12.Qh3 g6 13.Kh1 a6 14.Bd2 cxd4 15.Nxc6
Bxc6 16.exd4 b5 17.f5 b4 18.Bg5 bxc3 19.Rae1 Bb5 20.Qh4 Be7 21.Rxe7 Qxe7 
22.Bxf6 Qxf6 23.Qxf6 Bxd3 24.fxg6 hxg6 25.bxc3 Bxf1 26.Qxf1 Rfe8 27.h3 Re6
28.Qf3 Rd8 29.Kh2 Kg7 30.Kg1 Re4 31.Qd3 Rd6 32.Qb1 Rc6 33.Qb7 Rxc3 34.Qxd5
Re2 35.a4 Rcc2 36.Kh1 Ra2 37.h4 Rxa4 38.h5 Ra1+ 39.Kh2 Raa2 40.hxg6 Rxg2+ 
41.Kh3 Rh2+ 42.Kg3 Rag2+ 43.Kf3 Rxg6 44.Qe5+ Rf6+ 45.Ke3 Rh3+ 46.Ke4 Rh6 
47.Kd5 Kh7 48.Kc5 Rc6+ 49.Kb4 Rb6+ 50.Ka4 Rhd6 51.Qh5+ Kg7 52.Qe5+ Kf8 53.
Qh8+ Ke7 54.Qe5+ Kd8 55.Qg5+ f6 56.Qg8+ Kc7 57.Qg7+ Rd7 58.Qg3+ Kb7 59.
Qf3+ Ka7 60.d5 Rc7 61.Qe3 Kb7 62.Qf3 Rc4+ 63.Ka3 Rc5 64.Ka4 Rd6 65.Qe3 
Rcxd5 66.Qe7+ Kb6 67.Qf8 Rd3 68.Qb8+ Kc5 69.Qc7+ Kd5 70.Qe7 f5 71.Qe2 Rd4+
72.Ka5 Rd7 73.Kxa6 f4 74.Qf3+ Ke5 75.Qh5+ Ke4 76.Qe2+ Kd5 77.Qb5+ Ke6 78.
Qe2+ Kf6 79.Qg4 R7d6+ 80.Kb5 R4d5+ 81.Kc4 Rf5 82.Qh4+ Ke6 83.Qh6+ Rf6 84.
Qh3+ Ke5 85.Qh5+ Rf5 86.Qh8+ Ke4 87.Qh1+ f3 88.Qh4+ Rf4 89.Qe7+ Kf5+ 90.
Kc5 f2 0-1

[Event "8th EUR-ch"]
[Site "Dresden GER"]
[Date "2007.04.12"]
[Round "9.110"]
[White "Durarbeyli, Vasif"]
[Black "Jenni, Florian"]
[Result "1-0"]
[WhiteElo "2368"]
[BlackElo "2518"]
[EventDate "2007.04.03"]
[PlyCount "183"]

1.e4 e5 2.Nf3 Nc6 3.Bb5 a6 4.Ba4 Nf6 5.O-O Nxe4 6.d4 b5 7.Bb3 d5 8.dxe5 
Be6 9.Nbd2 Nc5 10.c3 d4 11.Bxe6 Nxe6 12.cxd4 Ncxd4 13.Ne4 Be7 14.Be3 Nf5 
15.Qc2 O-O 16.Rad1 Nxe3 17.fxe3 Qc8 18.Nd4 c5 19.Nf5 Ra7 20.Rd5 Rd8 21.
Rfd1 Rxd5 22.Rxd5 Bf8 23.Rd1 Rd7 24.Rf1 Qc7 25.Nfd6 Qc6 26.Qf2 Bxd6 27.
Nxd6 Nd8 28.Qf5 h6 29.Qg4 Ne6 30.Rxf7 Rxf7 31.Qxe6 Qc7 32.Nxf7 Qxf7 33.
Qc8+ Kh7 34.Qxc5 Qxa2 35.Qc2+ Kg8 36.Qc8+ Kf7 37.Qd7+ Kf8 38.Qd4 Ke8 39.h3
a5 40.Qc3 Qb1+ 41.Kf2 Qf5+ 42.Ke2 Qe4 43.Qc8+ Ke7 44.Qc7+ Ke8 45.Qxg7 a4 
46.Qh8+ Kd7 47.e6+ Qxe6 48.Qd4+ Kc6 49.Kd3 Qf7 50.Qe4+ Kb6 51.Ke2 Ka5 52.
g4 Qf6 53.Qd4 Qc6 54.Kd3 b4 55.Qa7+ Kb5 56.Qb8+ Ka5 57.Qe5+ Ka6 58.e4 Qc1 
59.Qd6+ Kb5 60.Qd5+ Kb6 61.Qd4+ Kb5 62.e5 Qd1+ 63.Ke4 Qc2+ 64.Kf4 a3 65.
bxa3 bxa3 66.e6 Qc7+ 67.Ke4 Qb7+ 68.Qd5+ Kb6 69.Qxb7+ Kxb7 70.e7 a2 71.
e8=Q a1=Q 72.Qd7+ Kb8 73.Qd6+ Kc8 74.Qe6+ Kd8 75.Qxh6 Qa4+ 76.Kf5 Qc2+ 77.
Kg5 Qc5+ 78.Kh4 Qf2+ 79.Kh5 Qe2 80.Qg5+ Ke8 81.h4 Kf8 82.Qf5+ Kg8 83.Kh6 
Qe1 84.Qg6+ Kf8 85.Qf6+ Ke8 86.h5 Qe3+ 87.g5 Qe2 88.g6 Qe3+ 89.Kh7 Qe4 90.
Qf7+ Kd8 91.Kh8 Qe5+ 92.g7 1-0

[Event "8th EUR-ch"]
[Site "Dresden GER"]
[Date "2007.04.12"]
[Round "9.111"]
[White "Pajeken, Wolfgang"]
[Black "Howell, David"]
[Result "1-0"]
[WhiteElo "2346"]
[BlackElo "2518"]
[EventDate "2007.04.03"]
[PlyCount "117"]

1.Nf3 Nf6 2.c4 g6 3.Nc3 d5 4.cxd5 Nxd5 5.Qa4+ Bd7 6.Qh4 Bc6 7.Qd4 f6 8.e4 
e5 9.Nxe5 fxe5 10.Qxe5+ Qe7 11.Qxh8 Nf6 12.d4 Nbd7 13.Bg5 Bxe4 14.O-O-O 
O-O-O 15.f3 Bf5 16.g4 Nxg4 17.Bxe7 Bh6+ 18.Rd2 Rxh8 19.fxg4 Bxg4 20.Rg1 
Re8 21.Rxg4 Rxe7 22.Re4 Kd8 23.Rxe7 Kxe7 24.Kc2 Bxd2 25.Kxd2 c6 26.Ke3 Nf6
27.Be2 g5 28.Bf3 h6 29.b4 Kd7 30.d5 Kc7 31.Kd4 g4 32.Be2 h5 33.Ke5 Nd7+ 
34.Kf5 cxd5 35.Nxd5+ Kd6 36.Nf6 Ne5 37.Nxh5 Nc6 38.Kxg4 Nxb4 39.Bc4 Nc6 
40.Kf5 b5 41.Bf7 Ne5 42.Be8 b4 43.Nf4 Nf3 44.h3 a5 45.Ke4 Nd2+ 46.Kf5 b3 
47.axb3 Nxb3 48.Nd3 Ke7 49.Ba4 Nd4+ 50.Kg6 Ne6 51.Bb3 Nd4 52.Ba2 Ne2 53.h4
Ng3 54.Nb2 Ne2 55.Bb3 Nf4+ 56.Kg5 Nh3+ 57.Kg4 Ng1 58.Bd1 Kf6 59.Kg3 1-0

[Event "8th EUR-ch"]
[Site "Dresden GER"]
[Date "2007.04.12"]
[Round "9.114"]
[White "Boros, Denes"]
[Black "Bogner, Sebastian"]
[Result "1-0"]
[WhiteElo "2501"]
[BlackElo "2345"]
[EventDate "2007.04.03"]
[PlyCount "107"]

1.e4 c5 2.Nf3 d6 3.d4 cxd4 4.Nxd4 Nf6 5.Nc3 a6 6.Be3 e5 7.Nf3 Be7 8.Bc4 
O-O 9.O-O h6 10.Qe2 Qc7 11.Rfd1 Be6 12.Bb3 Nc6 13.Nh4 Na5 14.Ng6 Nxb3 15.
Nxe7+ Qxe7 16.axb3 Rac8 17.Qd3 Rc6 18.Nd5 Bxd5 19.exd5 Rcc8 20.Ra4 Nd7 21.
Rc4 Rb8 22.f3 f5 23.Qe2 Nf6 24.Bb6 Rbc8 25.Qd3 Nd7 26.Bf2 Qf7 27.Qc3 Rxc4 
28.Qxc4 Nf6 29.Bb6 Qd7 30.Qe2 Re8 31.c4 Qe7 32.Re1 g5 33.Qc2 Qd7 34.h3 Kf7
35.b4 h5 36.Rf1 Rg8 37.Kh2 f4 38.c5 Rc8 39.Rc1 dxc5 40.bxc5 Qxd5 41.Rd1 
Qe6 42.Bd8 Rc6 43.b4 g4 44.Bxf6 Kxf6 45.Qh7 Qf7 46.Qh8+ Kf5 47.fxg4+ hxg4 
48.hxg4+ Ke6 49.Rd8 a5 50.b5 Rxc5 51.Qh6+ Qf6 52.Re8+ Kd7 53.Qxf6 Kxe8 54.
Qe6+ 1-0

[Event "8th EUR-ch"]
[Site "Dresden GER"]
[Date "2007.04.12"]
[Round "9.117"]
[White "Vaznonis, Vytautas"]
[Black "Cornette, Matthieu"]
[Result "1/2-1/2"]
[WhiteElo "2282"]
[BlackElo "2490"]
[EventDate "2007.04.03"]
[PlyCount "77"]

1.d4 d6 2.Nf3 Nf6 3.Bg5 g6 4.Bxf6 exf6 5.e3 Bg7 6.Bd3 f5 7.Nc3 Nd7 8.Ne2 
Nf6 9.h4 Qe7 10.Nf4 Bh6 11.Qe2 Bd7 12.c4 c6 13.g3 Ne4 14.Nd2 O-O 15.O-O-O 
Rfe8 16.Qf3 a6 17.Kb1 b5 18.Qe2 Rab8 19.Rc1 Qf6 20.c5 dxc5 21.Bxe4 fxe4 
22.Rxc5 Bf8 23.Rc2 h5 24.Nb3 Bd6 25.Qd2 Rbc8 26.Nc5 Bg4 27.Re1 Bxf4 28.
exf4 Bf5 29.Qe3 Red8 30.Rd2 Rd5 31.Nxe4 Rcd8 32.Kc1 Bxe4 33.Qxe4 c5 34.Qe7
Qc6 35.f5 gxf5 36.Qg5+ Qg6 37.Qxg6+ fxg6 38.Re6 Kg7 39.Rxa6 1/2-1/2

[Event "8th EUR-ch"]
[Site "Dresden GER"]
[Date "2007.04.12"]
[Round "9.120"]
[White "Pitl, Gregory"]
[Black "Luther, Thomas"]
[Result "1/2-1/2"]
[WhiteElo "2367"]
[BlackElo "2586"]
[EventDate "2007.04.03"]
[PlyCount "115"]

1.d4 e6 2.Nf3 d5 3.c4 Nf6 4.g3 dxc4 5.Bg2 Nc6 6.Qa4 Bb4+ 7.Bd2 Nd5 8.Bxb4 
Nxb4 9.O-O Rb8 10.Nc3 a6 11.Ne5 O-O 12.Nxc6 Nxc6 13.Bxc6 bxc6 14.Qxc4 Rxb2
15.Rab1 Rb6 16.Qc5 Re8 17.a4 e5 18.dxe5 Bh3 19.Rfd1 Rxb1 20.Rxb1 h6 21.f4 
Qd7 22.Rd1 Qe6 23.Qd4 Qb3 24.Rb1 Qe6 25.Rd1 a5 26.Kf2 Rb8 27.Qc5 Ra8 28.
Qd4 Rb8 29.Qc5 Ra8 30.Qd4 Kh8 31.Rb1 Qe7 32.Ne4 Rd8 33.Qc5 Qe6 34.Rc1 Bf5 
35.Nc3 Ra8 36.Nd1 Be4 37.Qd4 Bf5 38.Qc4 Qd7 39.Ne3 Be6 40.Qxc6 Qxc6 41.
Rxc6 Bb3 42.Rxc7 Bxa4 43.Rxf7 Bb3 44.Rb7 a4 45.f5 h5 46.h3 g6 47.g4 Bg8 
48.e6 a3 49.Nc2 hxg4 50.hxg4 gxf5 51.gxf5 a2 52.e7 Bf7 53.f6 Ra6 54.Rb8+ 
Kh7 55.e8=Q Bxe8 56.Rxe8 Rxf6+ 57.Ke3 Rc6 58.Ra8 1/2-1/2

[Event "8th EUR-ch"]
[Site "Dresden GER"]
[Date "2007.04.12"]
[Round "9.122"]
[White "Zherebukh, Yaroslav"]
[Black "Berescu, Alin"]
[Result "1/2-1/2"]
[WhiteElo "2365"]
[BlackElo "2514"]
[EventDate "2007.04.03"]
[PlyCount "63"]

1.e4 e6 2.d4 d5 3.Nc3 Nf6 4.Bg5 Be7 5.e5 Nfd7 6.h4 c5 7.Bxe7 Kxe7 8.Qg4 
Kf8 9.Nf3 Nc6 10.Qf4 cxd4 11.Nb5 Qa5+ 12.Kd1 Qb6 13.Kc1 Kg8 14.h5 f6 15.
exf6 gxf6 16.Nc7 e5 17.Qg4+ Kf8 18.Nxa8 Qd8 19.h6 Rg8 20.Qh5 Nc5 21.Nd2 
Be6 22.Qf3 d3 23.Nb3 Nxb3+ 24.axb3 dxc2 25.b4 Nd4 26.Qc3 Qxa8 27.Qc5+ Kf7 
28.Qc7+ Kf8 29.Qd6+ Kf7 30.Qc7+ Kf8 31.Qd6+ Kf7 32.Qc7+ 1/2-1/2

[Event "8th EUR-ch"]
[Site "Dresden GER"]
[Date "2007.04.12"]
[Round "9.123"]
[White "Bach, Matthias"]
[Black "Starostits, Ilmars"]
[Result "0-1"]
[WhiteElo "2364"]
[BlackElo "2507"]
[EventDate "2007.04.03"]
[PlyCount "62"]

1.d4 Nf6 2.c4 e6 3.g3 d5 4.Nf3 c6 5.Bg2 dxc4 6.Ne5 Nbd7 7.Nxc4 Be7 8.O-O 
O-O 9.Nc3 Nb6 10.Ne5 Nfd7 11.Bf4 Nd5 12.Nxd5 exd5 13.a3 Nxe5 14.dxe5 Be6 
15.h3 Qc7 16.g4 a5 17.Bg3 Qb6 18.Kh2 Qxb2 19.f4 f5 20.Rb1 Qxa3 21.Rf3 Qa2 
22.Rxb7 Bb4 23.Rd3 Kh8 24.Bh4 fxg4 25.Rxg7 Kxg7 26.Bf6+ Rxf6 27.exf6+ Kf7 
28.f5 Bxf5 29.Rxd5 g3+ 30.Kxg3 Rg8+ 31.Kh4 Qc4+ 0-1

[Event "8th EUR-ch"]
[Site "Dresden GER"]
[Date "2007.04.12"]
[Round "9.124"]
[White "Simacek, Pavel"]
[Black "Erturan, Yakup"]
[Result "1-0"]
[WhiteElo "2495"]
[BlackElo "2383"]
[EventDate "2007.04.03"]
[PlyCount "67"]

1.e4 e5 2.Nf3 Nc6 3.Nc3 Nf6 4.d4 exd4 5.Nxd4 d6 6.Be2 Be7 7.O-O O-O 8.f4 
d5 9.Nxc6 bxc6 10.e5 Nd7 11.Be3 Kh8 12.Na4 Nb6 13.Nc5 f5 14.a4 Nc4 15.Bxc4
dxc4 16.Qe1 Qe8 17.a5 a6 18.Qc3 Qf7 19.Ra4 Bxc5 20.Bxc5 Rd8 21.Rxc4 Be6 
22.Rd4 Rxd4 23.Qxd4 Qd7 24.Qxd7 Bxd7 25.Rd1 Be6 26.Kf2 Kg8 27.Be7 Bd5 28.
c4 Bxc4 29.Rd7 Rc8 30.Bc5 h6 31.b4 g5 32.g4 fxg4 33.f5 Bd5 34.e6 1-0

[Event "8th EUR-ch"]
[Site "Dresden GER"]
[Date "2007.04.12"]
[Round "9.126"]
[White "Philippe, Christophe"]
[Black "Banusz, Tamas"]
[Result "0-1"]
[WhiteElo "2354"]
[BlackElo "2463"]
[EventDate "2007.04.03"]
[PlyCount "84"]

1.e4 c5 2.Nf3 e6 3.d4 cxd4 4.Nxd4 Nf6 5.Nc3 Nc6 6.Be2 Bb4 7.O-O Bxc3 8.
bxc3 d5 9.exd5 Nxd5 10.Nxc6 bxc6 11.Ba3 Qa5 12.Bd6 Nxc3 13.Qd2 Nxe2+ 14.
Qxe2 f6 15.f4 Kf7 16.f5 h5 17.Rad1 exf5 18.Qe7+ Kg6 19.Rd3 h4 20.Bc7 Qxa2 
21.g4 Qxc2 22.Rdf3 Qe4 23.Qd6 Ba6 24.gxf5+ Kh7 25.Rf4 Qe3+ 26.R1f2 Qe1+ 
27.Kg2 h3+ 28.Kxh3 Kg8+ 29.Kg2 Qe8 30.Rg4 Qe3 31.Qe6+ Qxe6 32.fxe6 Rh6 33.
Rd2 Kh7 34.e7 Re8 35.Bd8 Bc8 36.Ra4 Be6 37.Rxa7 Bd5+ 38.Kg3 g5 39.Bb6 f5 
40.Re2 f4+ 41.Kg4 Kg6 42.Bf2 Rxh2 0-1

[Event "8th EUR-ch"]
[Site "Dresden GER"]
[Date "2007.04.12"]
[Round "9.127"]
[White "Espig, Lutz"]
[Black "Borriss, Martin"]
[Result "1/2-1/2"]
[WhiteElo "2351"]
[BlackElo "2463"]
[EventDate "2007.04.03"]
[PlyCount "60"]

1.Nf3 Nf6 2.c4 g6 3.b4 Bg7 4.Bb2 O-O 5.e3 b6 6.Be2 c5 7.a3 Nc6 8.Qb3 d6 9.
O-O e5 10.d3 h6 11.Nc3 Be6 12.Nd2 Rb8 13.Bf3 Qd7 14.b5 Ne7 15.Nde4 Nh7 16.
Nd5 Nxd5 17.cxd5 Bf5 18.Ng3 Bg4 19.Bxg4 Qxg4 20.f4 exf4 21.Rxf4 Qg5 22.
Bxg7 Kxg7 23.Raf1 f5 24.R1f3 Rbe8 25.Nxf5+ gxf5 26.Rg3 Rxe3 27.Rff3 Rxf3 
28.gxf3 f4 29.Rxg5+ Nxg5 30.Kf2 Rf7 1/2-1/2

[Event "8th EUR-ch"]
[Site "Dresden GER"]
[Date "2007.04.12"]
[Round "9.129"]
[White "Esen, Baris"]
[Black "Jirka, Jiri"]
[Result "1/2-1/2"]
[WhiteElo "2455"]
[BlackElo "2367"]
[EventDate "2007.04.03"]
[PlyCount "153"]

1.d4 d5 2.c4 c6 3.Nf3 Nf6 4.Nc3 a6 5.a4 e6 6.g3 dxc4 7.Bg2 c5 8.dxc5 Qa5 
9.Nd2 Qxc5 10.b3 Qa5 11.Bb2 Bc5 12.O-O O-O 13.Nxc4 Qc7 14.a5 Rd8 15.Qb1 
Bd7 16.Ne4 Nxe4 17.Bxe4 f5 18.Be5 Qc8 19.Bg2 Bc6 20.Qb2 Bxg2 21.Kxg2 Rd7 
22.b4 Bd4 23.Bxd4 Qxc4 24.Bb6 Nc6 25.Rab1 Rd5 26.Rfc1 Qb5 27.f3 Rf8 28.Rd1
Rf7 29.Rxd5 Qxd5 30.b5 axb5 31.Qxb5 Qxb5 32.Rxb5 Rd7 33.h3 Kf7 34.g4 g6 
35.f4 Ne7 36.Kf3 Nd5 37.Ba7 Ke8 38.Bb8 Kf7 39.Be5 Ne7 40.Rb1 Nc6 41.Bc3 
Ne7 42.h4 Nc8 43.h5 Nd6 44.hxg6+ hxg6 45.Rh1 Ne4 46.Rh7+ Ke8 47.Rh8+ Kf7 
48.Bb4 Kg7 49.Rc8 Kf7 50.Ke3 Nf6 51.Bc3 Nxg4+ 52.Kf3 Ke7 53.Bb4+ Kf7 54.
Rf8+ Kg7 55.Rc8 Kf7 56.Rf8+ Kg7 57.Rb8 e5 58.fxe5 Nxe5+ 59.Kg3 Nc6 60.Bc3+
Kf7 61.Rh8 Re7 62.Kf3 Rd7 63.Kf4 Ke6 64.Kg5 Ne7 65.Rf8 Nd5 66.Bb2 Rf7 67.
Rb8 Rc7 68.Kxg6 Nf4+ 69.Kg5 Nxe2 70.Re8+ Re7 71.Rxe7+ Kxe7 72.Kxf5 Kd6 73.
Ke4 Kc5 74.Ke3 Ng3 75.Kf4 Nf1 76.Bc3 Kc4 77.Be1 1/2-1/2

[Event "8th EUR-ch"]
[Site "Dresden GER"]
[Date "2007.04.12"]
[Round "9.130"]
[White "Landenbergue, Claude"]
[Black "Roos, Michael"]
[Result "1/2-1/2"]
[WhiteElo "2435"]
[BlackElo "2349"]
[EventDate "2007.04.03"]
[PlyCount "91"]

1.e4 c6 2.d4 d5 3.Nc3 dxe4 4.Nxe4 Bf5 5.Ng3 Bg6 6.Nf3 Nd7 7.Bd3 Bxd3 8.
Qxd3 e6 9.O-O Ngf6 10.b3 Be7 11.Bb2 O-O 12.c4 Qc7 13.Rad1 Rad8 14.Qc2 Rfe8
15.Rfe1 Nf8 16.Nd2 Ng6 17.Nde4 Nxe4 18.Qxe4 Bb4 19.Rf1 Qf4 20.Qc2 Rd7 21.
d5 exd5 22.cxd5 Rxd5 23.Bxg7 Rd2 24.Rxd2 Qxd2 25.Qxd2 Bxd2 26.Bd4 Rd8 27.
Bxa7 Ra8 28.Rd1 Bg5 29.Be3 Bxe3 30.fxe3 Rxa2 31.Rd8+ Nf8 32.Rb8 b5 33.Rc8 
Rb2 34.Nf5 Rxb3 35.Rxc6 b4 36.Rc7 Rc3 37.Rb7 b3 38.h3 Rd3 39.Kh2 f6 40.
Nh6+ Kh8 41.Nf7+ Kg8 42.Nh6+ Kh8 43.Ng4 Nd7 44.Nf2 Rd2 45.Ne4 Rd3 46.Nf2 
1/2-1/2

[Event "8th EUR-ch"]
[Site "Dresden GER"]
[Date "2007.04.12"]
[Round "9.131"]
[White "Paehtz, Thomas"]
[Black "Beck, Frederik"]
[Result "1-0"]
[WhiteElo "2427"]
[BlackElo "2334"]
[EventDate "2007.04.03"]
[PlyCount "59"]

1.e4 c5 2.Nf3 e6 3.d4 cxd4 4.Nxd4 a6 5.Bd3 Nc6 6.Nxc6 dxc6 7.Nd2 e5 8.Nc4 
Nf6 9.O-O Qc7 10.Bd2 Bg4 11.Be2 Bxe2 12.Qxe2 b5 13.Ba5 Qb8 14.Rad1 bxc4 
15.Rd8+ Qxd8 16.Bxd8 Rxd8 17.Qxc4 Be7 18.Qxc6+ Nd7 19.Qxa6 O-O 20.g3 Nc5 
21.Qe2 Rd4 22.c3 Rxe4 23.Qb5 Rg4 24.b4 Ne6 25.h3 Rg5 26.Qb7 Re8 27.a4 h5 
28.a5 e4 29.a6 Bd6 30.Qd7 1-0

[Event "8th EUR-ch"]
[Site "Dresden GER"]
[Date "2007.04.12"]
[Round "9.132"]
[White "Sanikidze, Tornike"]
[Black "Becker, Martin"]
[Result "1-0"]
[WhiteElo "2426"]
[BlackElo "2330"]
[EventDate "2007.04.03"]
[PlyCount "72"]

1.d4 d5 2.c4 e6 3.Nf3 Nf6 4.Nc3 Be7 5.Bg5 h6 6.Bh4 O-O 7.e3 Ne4 8.Bxe7 
Qxe7 9.Rc1 c6 10.Qc2 Nxc3 11.Qxc3 dxc4 12.Bxc4 Nd7 13.O-O b6 14.Rfd1 Bb7 
15.e4 Rfd8 16.Qe3 c5 17.h3 cxd4 18.Nxd4 Rac8 19.f3 Ne5 20.Bb3 Rxc1 21.Qxc1
Qc5 22.Qxc5 bxc5 23.Nb5 Rxd1+ 24.Bxd1 Nd3 25.b3 a6 26.Nc3 Bc6 27.Be2 Nb4 
28.Kf2 e5 29.Ke3 a5 30.Kd2 Bb7 31.a3 Na6 32.Na4 f6 33.h4 Kf7 34.Bxa6 Bxa6 
35.Nxc5 Bb5 36.Nb7 a4 1-0

[Event "8th EUR-ch"]
[Site "Dresden GER"]
[Date "2007.04.12"]
[Round "9.135"]
[White "Figura, Atila Gajo"]
[Black "Eisenbeiser, Amadeus"]
[Result "1/2-1/2"]
[WhiteElo "2416"]
[BlackElo "2328"]
[EventDate "2007.04.03"]
[PlyCount "129"]

1.d4 d6 2.c4 g6 3.Nc3 Bg7 4.e4 e5 5.d5 f5 6.exf5 gxf5 7.Qh5+ Kf8 8.Bd3 Qe8
9.Qxe8+ Kxe8 10.Nge2 Nf6 11.f3 Na6 12.Ng3 f4 13.Nge4 Nxe4 14.Nxe4 b6 15.g4
Nc5 16.Ke2 Nxd3 17.Kxd3 h5 18.g5 h4 19.Bd2 Bf5 20.b4 Rh5 21.Rhg1 Kf7 22.a4
Kg6 23.a5 Rc8 24.axb6 axb6 25.Ra6 Bf8 26.Be1 Bxe4+ 27.Kxe4 Rxg5 28.Rxg5+ 
Kxg5 29.h3 Be7 30.Ra7 Kg6 31.Bc3 Kg5 32.Bd2 Kg6 33.Be1 Kg5 34.Ra2 Kg6 35.
Ra7 Kg5 36.Bf2 Kg6 37.Kd3 Bd8 38.Ke4 Be7 39.Ra1 Rb8 40.Ra7 Rc8 41.Be1 Kg5 
42.Bc3 Bf8 43.Bb2 Be7 44.Ba1 Bf8 45.Bc3 Be7 46.Ra1 Kg6 47.Ra2 Bf6 48.c5 
bxc5 49.bxc5 c6 50.Rg2+ Kf7 51.Kf5 cxd5 52.Rg6 Be7 53.cxd6 Rxc3 54.dxe7 
Kxe7 55.Kxe5 Rxf3 56.Rg7+ Kf8 57.Rg4 Rxh3 58.Kxd5 Ke7 59.Rxf4 Rd3+ 60.Ke4 
Ra3 61.Kf5 h3 62.Rh4 Kd6 63.Kg4 Ra4+ 64.Kxh3 Rxh4+ 65.Kxh4 1/2-1/2

[Event "8th EUR-ch"]
[Site "Dresden GER"]
[Date "2007.04.12"]
[Round "9.137"]
[White "Brener, Ilja"]
[Black "Sowray, Peter"]
[Result "0-1"]
[WhiteElo "2413"]
[BlackElo "2317"]
[EventDate "2007.04.03"]
[PlyCount "110"]

1.e4 c5 2.Nf3 a6 3.c3 d5 4.exd5 Qxd5 5.d4 Nf6 6.Be3 cxd4 7.cxd4 e6 8.Nc3 
Qd8 9.Bc4 Nc6 10.O-O Bd6 11.a3 Ne7 12.Bg5 b5 13.Bd3 Bb7 14.Rc1 Rc8 15.Re1 
Qb6 16.Bxf6 gxf6 17.Be4 Bf4 18.Rc2 O-O 19.Bxb7 Qxb7 20.Ne4 Nd5 21.Nc5 Qc6 
22.Ree2 Qd6 23.g3 Bh6 24.Re4 Ne7 25.b4 Qd5 26.Rh4 Bg7 27.Rd2 Ng6 28.Rg4 h5
29.Rxg6 fxg6 30.Nh4 Kh7 31.Ng2 Bh6 32.Rd3 Rc6 33.f4 Rd6 34.Ne3 Qc6 35.d5 
exd5 36.f5 d4 37.fxg6+ Kxg6 38.Nf5 Re8 39.Nh4+ Kh7 40.Qxh5 Re1+ 41.Kf2 Qe8
42.Qf3 Re3 43.Qf5+ Kh8 44.Kg2 Bg5 45.Nf3 Re2+ 46.Kf1 Ra2 47.Ne4 Rc6 48.Rd1
Qe6 49.Qxe6 Rxe6 50.Rxd4 Be3 51.Rd8+ Kg7 52.Rd7+ Kh6 53.Ned2 Bxd2 54.Nxd2 
Rxa3 55.Kg2 Ra4 0-1

[Event "8th EUR-ch"]
[Site "Dresden GER"]
[Date "2007.04.12"]
[Round "9.138"]
[White "Koepke, Christian"]
[Black "Georgiadis, Ioannis"]
[Result "1/2-1/2"]
[WhiteElo "2290"]
[BlackElo "2413"]
[EventDate "2007.04.03"]
[PlyCount "63"]

1.e4 c5 2.Nf3 d6 3.d4 cxd4 4.Nxd4 Nf6 5.Nc3 a6 6.Be3 e5 7.Nb3 Be6 8.f3 
Nbd7 9.Qd2 Rc8 10.O-O-O b5 11.g4 Nb6 12.Qf2 Nfd7 13.Nd5 Bxd5 14.exd5 Nc4 
15.Kb1 Be7 16.h4 Bxh4 17.Qe2 Nxe3 18.Qxe3 Bg5 19.Qe1 Nf6 20.Na5 O-O 21.Nc6
Qc7 22.c4 e4 23.fxe4 Rfe8 24.e5 bxc4 25.Bxc4 dxe5 26.Bxa6 Ra8 27.Bb5 Qd6 
28.Qb4 Qxb4 29.Nxb4 Red8 30.Nc6 Rd6 31.Nxe5 Rb8 32.Bc6 1/2-1/2

[Event "8th EUR-ch"]
[Site "Dresden GER"]
[Date "2007.04.12"]
[Round "9.139"]
[White "Grant, Jonathan"]
[Black "Wippermann, Till"]
[Result "0-1"]
[WhiteElo "2283"]
[BlackElo "2410"]
[EventDate "2007.04.03"]
[PlyCount "76"]

1.c4 e5 2.Nc3 Nf6 3.Nf3 Nc6 4.g3 Bb4 5.Nd5 e4 6.Nh4 O-O 7.Bg2 Re8 8.O-O 
Bc5 9.d3 exd3 10.Qxd3 Ne5 11.Qc2 c6 12.Be3 cxd5 13.Bxc5 d6 14.Bd4 dxc4 15.
Nf3 Qc7 16.Rac1 Be6 17.Ng5 h6 18.Bxe5 hxg5 19.Bxf6 gxf6 20.Qc3 Kg7 21.Rfd1
Rad8 22.Bd5 b5 23.b3 Bxd5 24.Rxd5 Re5 25.bxc4 bxc4 26.Rd4 Rxe2 27.Qf3 Rxa2
28.h4 Re8 29.hxg5 fxg5 30.Qc3 Qa5 31.Rxd6+ Qxc3 32.Rxc3 Rc8 33.Rd7 Ra6 34.
Rf3 Rf6 35.Rxf6 Kxf6 36.Rxa7 c3 37.Ra1 c2 38.Rc1 Ke5 0-1

[Event "8th EUR-ch"]
[Site "Dresden GER"]
[Date "2007.04.12"]
[Round "9.140"]
[White "Ardeleanu, Alin"]
[Black "Jorczik, Julian"]
[Result "1/2-1/2"]
[WhiteElo "2407"]
[BlackElo "2316"]
[EventDate "2007.04.03"]
[PlyCount "141"]

1.e4 c6 2.Nc3 d5 3.Qf3 dxe4 4.Nxe4 Nd7 5.d4 Ndf6 6.c3 Nxe4 7.Qxe4 Nf6 8.
Qc2 g6 9.Nf3 Bg7 10.Bd3 O-O 11.O-O b6 12.Re1 Bb7 13.Qe2 Re8 14.Bg5 Qc7 15.
Ba6 Bxa6 16.Qxa6 Nd5 17.Bh4 c5 18.Qc4 e6 19.Bg3 Qb7 20.dxc5 Rac8 21.Bd6 
bxc5 22.Re2 Nb6 23.Qb5 a6 24.Qb3 Qc6 25.Bg3 c4 26.Qc2 f6 27.h4 e5 28.h5 e4
29.Nd4 Qb7 30.Rae1 f5 31.hxg6 hxg6 32.f3 Nd5 33.fxe4 Nb4 34.cxb4 Bxd4+ 35.
Bf2 Bxf2+ 36.Rxf2 Qxb4 37.Ree2 c3 38.exf5 cxb2 39.Qxb2 Qxb2 40.Rxb2 Rf8 
41.fxg6 Rc1+ 42.Kh2 Rxf2 43.Rxf2 Kg7 44.Rf5 Kxg6 45.Ra5 Rc6 46.Kh3 Rf6 47.
Kg4 Kh6 48.g3 Kg6 49.a3 Kh6 50.Ra4 Kg6 51.Rb4 Rc6 52.a4 a5 53.Rd4 Rb6 54.
Kf4 Kf6 55.g4 Rb1 56.g5+ Ke6 57.Re4+ Kf7 58.Kf5 Rf1+ 59.Ke5 Kg6 60.Ke6 Rf5
61.Kd6 Kxg5 62.Kc6 Kf6 63.Kb6 Rh5 64.Re8 Kf7 65.Ra8 Ke7 66.Rxa5 Rxa5 67.
Kxa5 Kd7 68.Kb6 Kc8 69.a5 Kb8 70.a6 Ka8 71.a7 1/2-1/2

[Event "8th EUR-ch"]
[Site "Dresden GER"]
[Date "2007.04.12"]
[Round "9.141"]
[White "Giemsa, Stephan"]
[Black "Danilov, Ilie-Vladimir"]
[Result "0-1"]
[WhiteElo "2286"]
[BlackElo "2405"]
[EventDate "2007.04.03"]
[PlyCount "110"]

1.d4 c5 2.d5 e5 3.c4 d6 4.e4 Be7 5.Nf3 h6 6.Nc3 Nd7 7.Be2 Nf8 8.h4 Nh7 9.
g3 a6 10.Nh2 Ngf6 11.Nf1 Bd7 12.a4 Qc8 13.Ne3 Bd8 14.g4 Ba5 15.f3 Qd8 16.
Nf5 Bxf5 17.exf5 Nf8 18.Kf2 Bxc3 19.bxc3 N8d7 20.g5 Nh5 21.a5 Qc7 22.Qg1 
O-O-O 23.Qg4 Nf4 24.Bxf4 exf4 25.Qxf4 f6 26.gxf6 Nxf6 27.Rhg1 Rhe8 28.Bd3 
Re7 29.Rge1 Rxe1 30.Kxe1 Re8+ 31.Kf2 Qe7 32.Rg1 Kb8 33.Rb1 Qe5 34.Qxe5 
Rxe5 35.f4 Re7 36.Kf3 Kc7 37.Bc2 h5 38.Rh1 Ng4 39.Bb1 Re3+ 40.Kg2 Rxc3 41.
f6 Nxf6 42.Re1 Kd8 43.Re6 Rxc4 44.Rxd6+ Kc7 45.Re6 Nxd5 46.Re5 Nxf4+ 47.
Kf3 Kd6 48.Rg5 Ne6 49.Rg6 Rf4+ 50.Ke3 Rg4 51.Rxg4 hxg4 52.Be4 Nd8 53.Kf4 
Nc6 54.Kxg4 c4 55.Kg5 Ke7 0-1

[Event "8th EUR-ch"]
[Site "Dresden GER"]
[Date "2007.04.12"]
[Round "9.142"]
[White "Kuba, Guenter"]
[Black "Kersten, Uwe"]
[Result "1-0"]
[WhiteElo "2403"]
[BlackElo "2292"]
[EventDate "2007.04.03"]
[PlyCount "55"]

1.e4 c5 2.Nf3 d6 3.d4 Nf6 4.Nc3 cxd4 5.Nxd4 g6 6.Be2 Bg7 7.O-O O-O 8.Nb3 
Nc6 9.Bg5 Be6 10.Kh1 a6 11.f4 Rc8 12.Bf3 Qc7 13.Nd5 Bxd5 14.exd5 Na5 15.
Nxa5 Qxa5 16.c3 b5 17.Qd2 Rc4 18.a3 Qb6 19.Rae1 Re8 20.f5 a5 21.Qd3 Qc7 
22.Bd1 Qd7 23.Be3 Qb7 24.Bd4 Rcc8 25.Bf3 Rb8 26.Re2 Qd7 27.Be5 Qc7 28.fxg6
1-0

[Event "8th EUR-ch"]
[Site "Dresden GER"]
[Date "2007.04.12"]
[Round "9.143"]
[White "Luechtemeier, Peter"]
[Black "Butnorius, Algimantas"]
[Result "0-1"]
[WhiteElo "2270"]
[BlackElo "2402"]
[EventDate "2007.04.03"]
[PlyCount "122"]

1.d4 Nf6 2.c4 e6 3.Nf3 b6 4.g3 Ba6 5.Qc2 Bb7 6.Bg2 c5 7.d5 exd5 8.cxd5 
Nxd5 9.O-O Nc7 10.Qf5 d5 11.Nc3 Qd7 12.Qe5+ Qe7 13.Bf4 Qxe5 14.Nxe5 Nba6 
15.Rad1 Rd8 16.Rd2 f6 17.Nc4 Ba8 18.Rfd1 d4 19.Bxc7 Nxc7 20.e3 Bxg2 21.
Kxg2 Ne6 22.Ne2 dxe3 23.Rxd8+ Nxd8 24.Nxe3 Ne6 25.Nc3 Nd4 26.a4 Bd6 27.Nb5
Nxb5 28.axb5 Be5 29.Ra1 Bb8 30.Rd1 g6 31.f4 Ke7 32.Kf3 f5 33.Re1 Kf7 34.
Nd5 Rd8 35.Re7+ Kf8 36.Rb7 Rxd5 37.Rxb8+ Ke7 38.Ke3 Rd8 39.Rb7+ Rd7 40.Rb8
c4 41.Rc8 Rd3+ 42.Ke2 Rb3 43.Rxc4 Rxb2+ 44.Kf1 Ra2 45.Rc7+ Kd6 46.Rxh7 Kc5
47.Kg1 Rd2 48.Rxa7 Kxb5 49.Rg7 Rd6 50.Rc7 Kb4 51.Rc1 b5 52.Rb1+ Kc5 53.
Rc1+ Kb6 54.Rb1 Rd2 55.Kf1 Rc2 56.Re1 b4 57.Re6+ Kc5 58.Ke1 b3 59.Kd1 Rg2 
60.Re3 Rg1+ 61.Kd2 b2 0-1

[Event "8th EUR-ch"]
[Site "Dresden GER"]
[Date "2007.04.12"]
[Round "9.144"]
[White "Hindermann, Felix"]
[Black "Erdogdu, Mert"]
[Result "0-1"]
[WhiteElo "2260"]
[BlackElo "2401"]
[EventDate "2007.04.03"]
[PlyCount "64"]

1.e4 e5 2.Nf3 Nc6 3.Bc4 Nf6 4.Ng5 d5 5.exd5 Na5 6.Bb5+ c6 7.dxc6 bxc6 8.
Qf3 Rb8 9.Bd3 Bd6 10.Ne4 Nxe4 11.Bxe4 O-O 12.g4 g6 13.Rg1 Kh8 14.d3 f5 15.
gxf5 Bxf5 16.Nd2 Bc5 17.Qg2 Qd7 18.Qg3 Rbe8 19.h4 Nb7 20.Nb3 Bb4+ 21.c3 
Bxe4 22.dxe4 Bc5 23.Bg5 Bb6 24.h5 gxh5 25.f3 h6 26.Ke2 hxg5 27.Rh1 Qf7 28.
Qxg5 Qxf3+ 29.Ke1 Bf2+ 30.Kd2 Be3+ 31.Qxe3 Qg2+ 32.Kd3 Rf3 0-1